000 00811nam a2200229Ia 4500
003 GCL
008 140319s9999 xx 000 0 ara d
040 _aGCL /
_cGCL
082 0 4 _a363.73
_bم م
100 1 _aمصطفى كمال محمد
245 1 0 _aالموسوعة الثقافية للوعى البيئى /
_cمصطفى كمال محمد
260 _aالقاهرة :
_bايتراك للنشر والتوزيع ،
_c2003
300 _a369 ص ؛
_c24 سم
650 0 4 _aتلوث البيئة
650 0 4 _aهندسة البيئة
650 0 4 _aالصحة العامة
650 0 4 _aالعدوى والامراض المعدية
650 0 4 _aالسياسة البيئية
650 0 4 _aالتكنولوجيا والبيئة
650 0 4 _aالبيئة والتكنولوجيا
942 _2ddc
_cBK
999 _c6119
_d6119